000 00536nam a2200169Ia 4500
003 IN-BaIIA
008 211028s9999 xx 000 0 eng d
020 _a3-540-66304-9
040 _cIIA Library
080 _a048.1:52
_bAAA-66A
245 0 _aAstronomy and astrophysics abstracts
_bvol. 66A, pt. 2
_cedited by Burkhardt, G.
260 _aBerlin
_bSpringer-Verlag
_c1997
300 _ax, 739
650 _aAbstracts-Astronomy, Astrophysics-Abstracts
_921490
700 _aBurkhardt, G. ed.
942 _cBK
999 _c12290
_d12290